000 01400nam0a2200289 4500
001 RU\NLR\BIBL_A\011950525
005 20250128194045.0
010 _a978-5-6041077-5-1
_91500
021 _aRU
_bКН-П-18-7394
_9КН-П-18-102095
035 _a(NLR Aleph) 011950525
090 _a13421730
_c13421730
100 _a20190304d2018 k y0rusy50 ca
101 0 _atat
102 _aRU
105 _ay z 000 y
200 1 _aТатар теле: укыту теориясе һәм практикасы
_e[рус телендә гомуми белем бирү оешмаларында татар теле укыту
_eмонография]
_fФ. Ф. Харисов
210 _aКазан
_cАк Бүре
_d2018
215 _a445 б.
_d22
320 _aБиблиогр.: с. 429-445.
541 1 _6z01790
_aТатарский язык: теория и практика обучения
_e[преподавание татар. яз. в общеобразоват. орг. с рус. яз. обучения: монография].
_zrus
686 1 _aЧ426.153татар
700 1 _aХарисов
_bФ. Ф.
_f1952-
_gФираз Фахраз улы
_4070
790 1 _6z01541
_aХарисов
_bФ. Ф.
_cд-р пед. наук, татар. язык
_f1952-
_gФираз Фахразович
_3RU\NLR\AUTH\7714256
_4070
852 _aNLR
_bОНЛ
_jТатар./3-15216
942 _cBOOK
980 _aNB